000 00764nam a22002417a 4500
999 _c14126
_d14126
003 AR-CdUCM
008 190422b ||||| |||| 00| 0 spa d
040 _aMUNICIPALIDAD PROVINCIAL DEL CUSCO
_cBIBLIOTECA MUNICIPAL DEL CUSCO
082 _a709.85 /
_bJ54
100 _aJimenez Borja, Arturo
_92499
245 _aMate peruana /
260 _aLima :
300 _a8 páginas ;
_c24 cm.
_bIlustraciones, laminas
440 _aCuadernos de cocodrilo
_932794
500 _aColección : Museo Nacional de Arqueología.
505 _aContenido : Mate peruano -- Descripción ...
650 _aDibujos
_92628
650 _aLaminas
_923859
650 _aPerú
_935
700 _aAguado Morales, Juan
_932795
942 _2ddc
_cFOLLETOS
945 _arah
_d22/04/2019